00628nam a2200217Ia 4500003000900000008004100009040001300050040001300063041000800076100002100084245003400105250001200139260001500151260000900166300001100175300001000186490000600196942000700202999001700209952018400226IT-RoPAU120407s9999 xx 000 0 und d aIT-RoPAU cIT-RoPAU aita aJ. Ramos-Regidor aIL sacramento della penitenza aTorino  aElle Di Ci c1972 a359 p. c24 cm v1 cBK c33347d33347 00102ddc406265_600000000000000_971aPAULUSbPAULUSd2012-04-11l0o265.6.9r2012-04-11 00:00:00w2012-04-11yBKzInserito da: In data: n.d. fondo: Via A.Severo 56 Progr:14327